1639 1241 1637 1314 1042 1931 1591 1028 1336 1146 1568 1664 1540 1194 1029 1418 1187 1895 1519 1762 1125 1843 1239 1502 1821 1885 1992 1970 1775 1835 1833 1472 1913 1844 1576 1993 1297 1418 1707 1111 1568 1917 1544 1090 1050 1122 1178 1904 1962 1522 1352 1239 1350 1186 1578 1585 1294 1705 1387 1155 1720 1321 1872 1989 1971 1370 1024 1974 1268 1432 1458 1991 1518 1590 1490 1343 1023 1107 1888 1729 1606 1182 1709 1005 1315 1822 1454 1526 1508 1878 1862 1207 1884 1780 1410 1631 1607 1647 1969 BCNSPRNW ULIB Ver.6.0+V

เปลี่ยนเป็นภาษาไทย

Change to English
 แสดงรายละเอียดบรรณานุกรม
  กลับหน้าหลัก

Brief Record : Get Marc (ISO 2709) : E-mail record : QR code < ปิดหน้าต่าง
LEADER : 00000nam 2200000uu 4500
001    13399111029
003     ULIB
008    110615s2552||||th 000 0 tha d
020    9743483394
060  4 WY18.2^bพ953ท
110 1  เพื่อนช่วยจำ
245 00 ทบทวนการพยาบาลมารดาและทารก M&C NR =^bMaternal and child nursing review/^cเพื่อนช่วยจำ
246 0  Maternal and child nursing review
260    กรุงเทพฯ:^bเพื่อนช่วยจำ,^c2552
300    207 หน้า
650  7 การพยาบาลมารดาและทารก^xข้อสอบ
710 1  เพื่อนช่วยจำ
945    ^p199^l0^i15805
945    ^p199^l0^i15554
945    ^p199^l0^i15553
945    ^p199^l0^i15552
945    ^p199^l0^i19279
945    ^p199^l0^i19280
995    เกษร
999    ^aใช้งานได้ทุกระบบ
รายการนี้ยังไม่มีแท็ก
คุณยังไม่ได้ล็อกอิน คุณสามารถมีกิจกรรมร่วมกับเว็บไซต์ได้ แต่ต้องล็อกอินก่อน ::
  ล็อกอิน

รายการสื่อสารสนเทศ

ลำดับที่ ประเภท เลขเรียก/บาร์โค้ด สถานที่ สถานะ
1. วิทยาศาสตร์การแพทย์ และสุขภาพ
หนังสือสำรอง
สถานะ=หนังสือสำรอง
WY18.2 พ953ท ฉ.1 
  Barcode: 15552
ห้องสมุดวิทยาเขตนครสวรรค์
►ส่วนจัดเก็บหนังสือเก่า นว.
บนชั้น
  ขอยืม
2. วิทยาศาสตร์การแพทย์ และสุขภาพ
วิทยาศาสตร์การแพทย์ และสุขภาพ
WY18.2 พ953ท ฉ.2 
  Barcode: 15553
ห้องสมุดวิทยาเขตนครสวรรค์
►ส่วนจัดเก็บหนังสือเก่า นว.
บนชั้น
  ขอยืม
3. วิทยาศาสตร์การแพทย์ และสุขภาพ
วิทยาศาสตร์การแพทย์ และสุขภาพ
WY18.2 พ953ท ฉ.3 
  Barcode: 15554
ห้องสมุดวิทยาเขตนครสวรรค์
►ส่วนจัดเก็บหนังสือเก่า นว.
บนชั้น
  ขอยืม
4. วิทยาศาสตร์การแพทย์ และสุขภาพ
วิทยาศาสตร์การแพทย์ และสุขภาพ
WY18.2 พ953ท ฉ.4 
  Barcode: 15805
ห้องสมุดวิทยาเขตนครสวรรค์
►ส่วนจัดเก็บหนังสือเก่า นว.
บนชั้น
  ขอยืม
5. วิทยาศาสตร์การแพทย์ และสุขภาพ
วิทยาศาสตร์การแพทย์ และสุขภาพ
WY18.2 พ953ท ฉ.5 
  Barcode: 19279
ห้องสมุดวิทยาเขตนครสวรรค์
►ส่วนจัดเก็บหนังสือเก่า นว.
บนชั้น
  ขอยืม
6. วิทยาศาสตร์การแพทย์ และสุขภาพ
วิทยาศาสตร์การแพทย์ และสุขภาพ
WY18.2 พ953ท ฉ.6 
  Barcode: 19280
ห้องสมุดวิทยาเขตนครสวรรค์
►ส่วนจัดเก็บหนังสือเก่า นว.
บนชั้น
  ขอยืม

BibComment


ยังไม่เคยถูกคอมเมนท์

คอมเมนท์ทรัพยากรรายการนี้
  คอมเมนท์: ทบทวนการพยาบาลมาร..


 Copyright 2026. Bcnsprnw @Library